00365 2200157 4500001002100000005001500021035002000036245004500056100002300101250000600124300001200130260003100142082000800173084001400181990001200195INLIS00000000000230020250528084220 a0010-05250005921 aPrinsip Hidup Anda /cDwi Sunar Prayitno0 aDwi Sunar Prayitno a1 a263 hlm aYogyakarta :bThink,c2007 a813 a813 DWI p a0712602